| 000 | 00559nam a2200229 a 4500 | ||
|---|---|---|---|
| 001 | 0001-1420 | ||
| 003 | ELIB.Books | ||
| 008 | 160809 2010 eng | ||
| 020 | _a9781577316190 | ||
| 035 | _a(ELIB.Books)0001-1575 | ||
| 092 |
_a158.1 _bAll |
||
| 100 | _aAllen, MARC. | ||
| 245 | _aThe Greatest Secret of All | ||
| 260 |
_aNovato: _bNew World Library _c2008 |
||
| 300 |
_a121 _c19 Cm |
||
| 650 | _aPsychology | ||
| 856 |
_nKBTS Library _uKBTS: ELIB |
||
| 942 |
_2ddc _cBK |
||
| 990 | _a1 | ||
| 998 |
_cbat _e2016-08-09 |
||
| 999 |
_c11420 _d11420 |
||